000 00997cam a22003017i 4500
999 _c944
_d944
001 18370677
003 OSt
005 20180830153739.0
008 141112s2015 mnu 000 0 eng
010 _a 2014956819
020 _a9780800796617 (pbk. : alk. paper)
040 _aDLC
_beng
_erda
_cDLC
_dDLC
050 0 0 _aMLCS 2018/41744 (B)
100 1 _aHayford, Jack W.,
_eauthor.
245 1 0 _aI'll hold you in heaven /
_cJack Hayford.
264 1 _aMinneapolis, Minnesota :
_bChosen, a division of Baker Publishing Group,
_c2015.
300 _a124pages ;
_c18 cm
336 _atext
_btxt
_2rdacontent
337 _aunmediated
_bn
_2rdamedia
338 _avolume
_bnc
_2rdacarrier
500 _aMinimal Level Cataloging Plus.
_5DLC
650 0 _aWord of God.
650 0 _aChild
_xDeath.
650 0 _aBereavement
_xGrief.
906 _a7
_bcbc
_corignew
_d4
_eepcn
_f20
_gy-gencatlg
942 _2ddc
_cBK